| 000 | 00876nam a2200289 a 4500 | ||
|---|---|---|---|
| 001 | 000110320 | ||
| 003 | CHAP | ||
| 005 | 20220329144127.0 | ||
| 008 | 140815s2014 mx | |r| |||1|||spa|d | ||
| 010 | _a106782 | ||
| 011 | _a107754 | ||
| 020 | _a9786071203441 | ||
| 040 | _cCHAP | ||
| 082 | 0 | 4 |
_a330.015195 _bI62 |
| 245 | 0 | 0 |
_aInvestigación en matemáticas, economía y ciencias sociales / _cpor compilador Francisco Pérez Soto ... [et al.]. |
| 260 | 3 |
_aChpingo, Méx. : _bUACH, _c2014. |
|
| 300 | _aix, 490 p. | ||
| 590 |
_aE792CSJ _b05 _c20140815 _lUCH01 _h1124 |
||
| 650 | 1 | 4 |
_aCiencias sociales _xInvestigación. _923226 |
| 650 | 1 | 4 |
_aEconomía _xInvestigación. _935247 |
| 650 | 1 | 4 |
_aModelos econométricos. _976416 |
| 650 | 1 | 4 |
_aModelos matemáticos. _976419 |
| 700 | 0 |
_aPérez Soto, Francisco _ecomp. _990046 |
|
| 901 | _aBK | ||
| 942 | _cLIBRO | ||
| 942 | _n0 | ||
| 999 |
_c106782 _d106782 |
||